Statistics for Corinthians Best Scorer By Year

Click here to take the quiz!

General Stats

  • This quiz has been taken 260 times
    (57 since last reset)
  • The average score is 14 of 43

Answer Stats

Player% Correct
Roger Guedes
100%
Yuri Alberto
98%
Ángel Romero
93%
91%
Ronaldo
81%
Paolo Guerrero
77%
Sócrates
72%
Neto
67%
Vágner Love
58%
Marcelinho Carioca
56%
Liédson
53%
Carlos Tévez
51%
Paulinho
49%
Sérgio Gil
40%
Walter Casagrande
40%
Mauro Boselli
37%
Rivellino
37%
Alexandre Pato
33%
Luizão
33%
Finazzi
26%
Guilherme
26%
Guilherme
26%
Marlone
23%
Bruno César
16%
Ricardinho
16%
Viola
12%
Mirandinha
9%
Mirandinha
9%
Rivaldo
9%
Roberto Miranda
7%
Marcos Roberto
5%
Fernando Baiano
2%
Marques
2%
Edmar
0%
Geraldão
0%
Neca
0%
Rafael Moura
0%
Romeu
0%
Rui Rey
0%
Serginho
0%
Tiba
0%
Toninho
0%
Vaguinho
0%

Score Distribution

Percentile by Number Answered

Percent of People with Each Score

Your Score History

You have not taken this quiz since the last reset